UBT Library

Personal productivity with information technology / (Record no. 1195)

000 -LEADER
fixed length control field 00533nam a22001697a 4500
008 - FIXED-LENGTH DATA ELEMENTS--GENERAL INFORMATION
fixed length control field 150930b xxu||||| |||| 00| 0 eng d
020 ## - INTERNATIONAL STANDARD BOOK NUMBER
International Standard Book Number 0070159165
041 0# - LANGUAGE CODE
Language code of text/sound track or separate title eng
080 ## - UNIVERSAL DECIMAL CLASSIFICATION NUMBER
Universal Decimal Classification number 004
100 1# - Rafti
Rafti Davis, Gordon Bitter.
245 10 - TITLE STATEMENT
Title Personal productivity with information technology /
Statement of responsibility, etc Gordon B. Davis, J. David Naumann.
260 ## -
-- New York, N.Y. :
-- McGraw-Hill Companies, Inc.,
-- 1997.
300 ## -
-- xv, 528 f :
-- me il.;
-- 24 cm.
650 #0 -
-- Teknologjia e informacionit
700 1# -
-- Naumann, Justus D.
942 ## - ADDED ENTRY ELEMENTS (KOHA)
Source of classification or shelving scheme
Item type Books
Holdings
Withdrawn status Lost status Source of classification or shelving scheme Damaged status Not for loan Collection code Permanent location Current location Shelving location Date acquired Total Checkouts Full call number Barcode Date last seen Koha item type
          Koleksioni i përgjithshem UBT - Lipjan UBT - Lipjan Koleksioni i përgjithshem 09/30/2015   004 DAV 002-008107 08/01/2017 Books
UBT Library © 2015-2024. All rights reserved University Education for Business and Technology